History Quiz

Random History or Famous Quiz

Famous Historical 'G' First Names Quiz Stats

Quiz Updated Oct 24, 2014

Challenge
Share
Tweet
Embed
Score 0/30 Timer 05:00
3 Plays Today
% Correct
George
94.1%
Gerald
93.3%
Grace
91.4%
Gregory
89.8%
Grover
89.6%
Gloria
89.3%
Greta
88.1%
Galileo
86.5%
Ginger
85.7%
Gladys
81.8%
Georgia
80.6%
Golda
79.2%
Gordon
76.9%
Gary
71.5%
Gamal
67.8%
% Correct
Gertrude
66.7%
Georges
65.9%
Gregor
61.4%
Giuseppe
59.8%
Grant
57.5%
Gustav
55.7%
Germaine
50.5%
Gabriela
47.4%
Giovanni
45.7%
Gunnar
43%
Gottlieb
39.2%
Georg
34.9%
Guglielmo
33%
Giacomo
31.3%
Giorgio
30.3%

You're not logged in!

Compare scores with friends on all Sporcle quizzes.
Join for Free
OR
Log In

You Might Also Like...

Show Comments

Extras

Top Quizzes Today


Score Distribution

Your Account Isn't Verified!

In order to create a playlist on Sporcle, you need to verify the email address you used during registration. Go to your Sporcle Settings to finish the process.

Report this User

Report this user for behavior that violates our Community Guidelines.

Details: